ბათუმის შოთა რუსთაველის სახელმწიფო უნივერსიტეტის ბიბლიოთეკა

რომანები. მოთხრობები : (ბიბ.ჩანაწერი № 55156)

000 -ლიდერი
ფიქსირებული სიგრძის საკონტროლო ველი 01346nam a2200313Ia 4500
001 - საკონტროლო ნომერი
საკონტროლო ველი 22231
003 - საკონტროლო ნომრის იდენტიფიკატორი
საკონტროლო ველი GE_BSU
005 - ბოლო ოპერაციის თარიღი და დრო
საკონტროლო ველი 20221216161258.0
008 - ფიქსირებული სიგრძის მონაცემთა ელემენტები - ზოგადი ინფორმაცია
ფიქსირებული სიგრძის საკონტროლო ველი 181216s2017||||ge |||||||||||||| ||geo||
020 ## - წიგნის საერთაშორისო სტანდარტული ნომერი
International Standard Book Number 9789941248016
040 ## - კატალოგიზაციის წყარო
Transcribing agency GE_BSU
041 ## - ენის კოდი
Language code of text/sound track or separate title geo
080 ## - უნივერსალური ათობითი კლასიფიკაციის ინდექსი
Universal Decimal Classification number 821.353.1-31+821.353.1-32 ყ-19
100 ## - მთავარი ჩანაწერი - პიროვნების სახელი
Personal name ყაზბეგი, ალ.
9 (RLIN) 16460
245 ## - ცნობა სათაურის შესახებ
Title რომანები. მოთხრობები :
Remainder of title ელგუჯა. მამის მკვლელი. მოძღვარი /
Statement of responsibility, etc ალ. ყაზბეგი ; მთავ. რედ. მ. ალუდაური, რედ. ე. სალარიძე, ნ. ჩიმაკაძე.
264 ## - წარმოების, გამოცემის, დისტრიბუციის და სხვა ცნობები
გამოცემის, წარმოების, დისტრიბუციის... ადგილი თბილისი :
გამოცემის, წარმოების, დისტრიბუციის... სახელწოდება პალიტრა კლასიკა,
გამოცემის, წარმოების, დისტრიბუციის... თარიღი 2017.
300 ## - ფიზიკური აღწერა
Extent 621 გვ. ;
Dimensions 25 სმ.
653 ## - INDEX TERM--UNCONTROLLED
Uncontrolled term რომანები
653 ## - INDEX TERM--UNCONTROLLED
Uncontrolled term მოთხრობები
653 ## - INDEX TERM--UNCONTROLLED
Uncontrolled term ელგუჯა
653 ## - INDEX TERM--UNCONTROLLED
Uncontrolled term მამის მკვლელი.
653 ## - INDEX TERM--UNCONTROLLED
Uncontrolled term მოძღვარი
653 ## - INDEX TERM--UNCONTROLLED
Uncontrolled term რომანი
653 ## - INDEX TERM--UNCONTROLLED
Uncontrolled term მოთხრობა
700 ## - ADDED ENTRY--PERSONAL NAME
Personal name ალუდაური, მ.
Relator term მთავარი რედაქტორი
9 (RLIN) 16461
700 ## - ADDED ENTRY--PERSONAL NAME
Personal name სალარიძე, ე.
Relator term რედაქტორი
9 (RLIN) 16462
942 ## - ADDED ENTRY ELEMENTS (KOHA)
Koha item type წიგნი
Source of classification or shelving scheme
ეგზემპლარები
ჩამოწერის სტატუსი დაკარგული ეგზემპლარის სტატუსი კლასიფიკაციის წყარო ან თაროზე გაწყობის სქემა დაზიანების სტატუსი არ გაიცემა მუდმივი მდებარეობა (დაცვის ადგილი) ამჟამინდელი ადგილსამყოფელი თაროზე განთავსების ადგილი შეძენის თარიღი ღირებულება, შესყიდვის ნორმალური ფასი სრული შენახვის შიფრი შტრიხკოდი ბოლო ოპერაციის თარიღი ეგზემპლარის მიმდევრობითი ნომერი (კეტერი?) ფასის ძალაში შესვლის თარიღი ეგზემპლარის სახეობა საჯარო შენიშვნა
          ბათუმის შოთა რუსთაველის სახელმწიფო უნივერსიტეტის მთავარი ბიბლიოთეკა ბათუმის შოთა რუსთაველის სახელმწიფო უნივერსიტეტის მთავარი ბიბლიოთეკა წიგნსაცავი 2018-12-17 15.00 821.353.1-31+821.353.1-32 ყ-19 57191 2018-12-17 57191 2018-12-17 წიგნი 15.00 ₾.
          ბათუმის შოთა რუსთაველის სახელმწიფო უნივერსიტეტის მთავარი ბიბლიოთეკა ბათუმის შოთა რუსთაველის სახელმწიფო უნივერსიტეტის მთავარი ბიბლიოთეკა წიგნსაცავი 2018-12-17 15.00 821.353.1-31+821.353.1-32 ყ-19 57192 2018-12-17 57192 2018-12-17 წიგნი 15.00 ₾.
          ბათუმის შოთა რუსთაველის სახელმწიფო უნივერსიტეტის მთავარი ბიბლიოთეკა ბათუმის შოთა რუსთაველის სახელმწიფო უნივერსიტეტის მთავარი ბიბლიოთეკა წიგნის კალათა 2018-12-17 15.00 821.353.1-31+821.353.1-32 ყ-19 57193 2018-12-17 57193 2018-12-17 წიგნი 15.00 ₾.